Pays en O / Q / U / V / /Y /Z en 2 minute - Statistiques

Statistiques générales
  • Ce quiz a été pris 421 fois
    406 depuis la dernière actualisation
  • Le résultat moyen est 10 sur 13
Statistiques - réponses
Hint Réponse % Correct
8 Yémen
97%
1 Qatar
94%
10 Zimbabwe
94%
9 Zambie
93%
3 Uruguay
85%
6 Venezuela
84%
5 Vatican
78%
11 Oman
72%
13 Ouzbékistan
72%
12 Ouganda
70%
4 Vanuatu
59%
2 Ukraine
58%
7 Vietnam
44%
Aucun quiz correspondant
Distribution des résultats
% des personnes avec chaque résultat
Percentile par nombre de réponses
Votre historique - résultats
Vous n’avez pas pris ce quiz depuis la dernière actualisation